000 00982nam a22002537a 4500
005 20170123162339.0
010 _aA-941663
020 _c150.00
_a8186232699
035 _aA-941663
037 _bCen Lib/Ret
040 _aDPL
_bUR
082 _a840.4
_bم ظ ف
100 _aموزاففر مہدی
_9399
245 _aاطراف :
_cموزففر مہدی
_bتحقیقی و تنقیدی مضامین کا مجمع /
246 _aEtaraf : tahqeeqi wa tanqeedi mazameen ka majmua /
_bby Mozaffar Mehdi
260 _aدہلی
_b ایجوکیشنل پبلشنگ ہاؤس
_c1998
270 _bدہلی
_a ٣١٠٨، گلی عزیزددیں وکیل کوچہ پنڈت لال کوان
_e110006
300 _a191p.
_c21cm(Hb)
650 _a ادب - اردو
_9126491
650 _a اردو - تنقیدی مضامین
_9114356
650 _aLiterature -- Urdu
_9126492
650 _aUrdu -- Critical articles
_9114358
942 _2ddc
_cUR
_h840.4
_mم ظ ف
999 _c108417
_d108417